000 00486nam a2200181Ia 4500
008 240925s9999 xx 000 0 und d
020 _a8187105445
082 _a005.43 TID
100 _aTidrow, Rob
245 0 _aMCSE: training guide windows 95
250 _aNA
260 _aNew Delhi:
_bTechmedia
_c,1997.
300 _axxx,345p.
_bNA
_fOriginal
500 _aIncludes Index
600 _aComputer Science
650 _aComputer science, information & general works
942 _cBK
999 _c4288
_d4288